|
|
|
|
| LEADER |
00000nab a2200000 a 4500 |
| 001 |
vtls009188006 |
| 003 |
SK-MaSNL |
| 005 |
20260303173852.0 |
| 008 |
080303 2008 xo 000 0 slo |
| 038 |
|
|
|a NRKKK
|
| 040 |
|
|
|a NRKKK
|b slo
|c NRKKK
|e AACR2
|
| 041 |
0 |
|
|a slo
|
| 044 |
|
|
|a xo
|c SK
|
| 080 |
|
|
|a 352
|x (437.6)
|2 2001
|
| 100 |
1 |
|
|a Mečiar, Jozef,
|4 aut
|9 851938
|
| 245 |
1 |
0 |
|a 8. riadne rokovanie Mestského zastupiteľstva v Šali
|c Jozef Mečiar
|
| 246 |
3 |
|
|a Ôsme riadne rokovanie Mestského zastupiteľstva v Šali
|
| 300 |
|
|
|b Tab.
|
| 610 |
1 |
7 |
|a Šaľa (Slovensko).
|b Mestské zastupiteľstvo
|2 nrkkk
|9 223162
|
| 648 |
|
7 |
|a 15.11.2007
|2 nrkkk
|9 1040550
|
| 650 |
0 |
7 |
|a mestské zastupiteľstvá
|2 snkbucl
|9 70169
|
| 651 |
|
7 |
|a Šaľa (Slovensko)
|2 SNKPH
|9 27574
|
| 773 |
0 |
|
|t Šaľa
|g Roč. VIII, č. november (2007), s. 4-5
|
| 852 |
|
|
|a SNK
|b KIS3GCP
|
| 999 |
|
|
|c 2094182
|d 2096112
|